Business economics: (Record no. 152939)

MARC details
000 -LEADER
fixed length control field 00725nam a22002297a 4500
005 - DATE AND TIME OF LATEST TRANSACTION
control field 20180629152249.0
010 ## - LCCN (DPL NO)
LC control number ENG-123288
020 ## - INTERNATIONAL STANDARD BOOK NUMBER
Terms of availability 275.00
International Standard Book Number 9789352833559
035 ## - SYSTEM CONTROL NUMBER
System control number EN-106820
037 ## - SOURCE OF ACQUISITION
Source of stock number/acquisition DBAD/PUB
082 ## - DEWEY DECIMAL CLASSIFICATION NUMBER
Classification number 338.5024658
100 ## - MAIN ENTRY--PERSONAL NAME
Personal name Agarwal,S K
245 ## - TITLE STATEMENT
Title Business economics:
Statement of responsibility, etc by S K Agarwal
250 ## - EDITION STATEMENT
Edition statement 5th ed.
260 ## - PUBLICATION, DISTRIBUTION, ETC. (IMPRINT)
Place of publication, distribution, etc New Delhi
Name of publisher, distributor, etc S Chand Publishing
Date of publication, distribution, etc 2018
270 ## - ADDRESS
Address Ram Nagar.
City New Delhi
Postal code 110055
300 ## - PHYSICAL DESCRIPTION
Extent various paging
Dimensions 24cm(pbk)
490 ## - SERIES STATEMENT
Series statement CA Foundation
500 ## - GENERAL NOTE
General note [as per latest syllabus issued by the board of studies, the institute of chartered accountants of India]
500 ## - GENERAL NOTE
General note it includes glossary
942 ## - ADDED ENTRY ELEMENTS (KOHA)
Source of classification or shelving scheme Dewey Decimal Classification
Item type English Books
Call number suffix AGA
Classification part 338.5024658
Holdings
Withdrawn status Lost status Not for loan Collection code Home library Current library Date acquired Source of acquisition Cost, normal purchase price Full call number Barcode Copy number Cost, replacement price Koha item type
    Not For Loan Non-fiction D.B.Act.Division Central Library 21/06/2018 DBAD/PUB 275.00 338.5024658 AGA EN-106820 1 275.00 English Books

© Delhi Public Library
Hit Counter
free hit counter